[Event "Hull CC-ch A"]
[Site "Gatineau CAN"]
[Date "2007.03.13"]
[Round "1"]
[White "Arsenault, Michel"]
[Black "Brousseau, Yvan"]
[Result "0-1"]
[WhiteElo "2013"]
[BlackElo "1994"]
[PlyCount "128"]
[GameId "2160767910709959"]
[EventDate "2007.03.13"]
[EventType "tourn"]
[EventRounds "5"]
[EventCountry "CAN"]
[SourceTitle "EXT 2022"]
[Source "ChessBase"]
[SourceDate "2021.10.06"]
[SourceVersion "1"]
[SourceVersionDate "2021.10.06"]
[SourceQuality "1"]

1. c4 Nf6 2. g3 d5 3. cxd5 Nxd5 4. Bg2 c6 5. Nc3 Nf6 6. d4 e6 7. e4 Be7 8. e5 Nd5 9. Nge2 Na6 10. O-O Bd7 11. f4 f5 12. exf6 Nxf6 13. a3 O-O 14. b4 Nc7 15. Qb3 Ncd5 16. f5 Kh8 17. Bg5 Nxc3 18. Nxc3 exf5 19. Rae1 Nd5 20. Bxe7 Nxe7 21. d5 Nxd5 22. Nxd5 cxd5 23. Bxd5 Bc6 24. Bxc6 Qb6+ 25. Kg2 Qxc6+ 26. Qf3 Qxf3+ 27. Rxf3 Rf7 28. Rfe3 g6 29. Re7 Kg7 30. Rxf7+ Kxf7 31. Rc1 Re8 32. Kf3 g5 33. a4 Kf6 34. a5 g4+ 35. Kf2 Re4 36. b5 Re5 37. Rc7 Rxb5 38. a6 bxa6 39. Rxh7 Rb2+ 40. Kg1 a5 41. Rxa7 Ra2 42. Ra8 Ke5 43. Re8+ Kd4 44. Re7 a4 45. Re8 a3 46. Rd8+ Ke4 47. Rc8 Rb2 48. Ra8 a2 49. Ra4+ Ke5 50. Ra5+ Kf6 51. Ra6+ Kg5 52. h4+ gxh3 53. g4 Rb1+ 54. Kh2 a1=Q 55. Rxa1 Rxa1 56. Kxh3 fxg4+ 57. Kg3 Ra3+ 58. Kf2 g3+ 59. Ke2 Kf4 60. Kd2 g2 61. Kc2 g1=Q 62. Kb2 Qc5 63. Kb1 Rb3+ 64. Ka2 Qa3# 0-1

[Event "Hull CC-ch A"]
[Site "Gatineau CAN"]
[Date "2007.03.13"]
[Round "1"]
[White "Nadeau, Dominique"]
[Black "Malette, Martin"]
[Result "0-1"]
[WhiteElo "2031"]
[BlackElo "2075"]
[PlyCount "44"]
[GameId "2160767910709960"]
[EventDate "2007.03.13"]
[EventType "tourn"]
[EventRounds "5"]
[EventCountry "CAN"]
[SourceTitle "EXT 2022"]
[Source "ChessBase"]
[SourceDate "2021.10.06"]
[SourceVersion "1"]
[SourceVersionDate "2021.10.06"]
[SourceQuality "1"]

1. e4 c5 2. Nf3 d6 3. d4 Nf6 4. Nc3 cxd4 5. Nxd4 g6 6. Be3 Bg7 7. f3 Nc6 8. Qd2 O-O 9. O-O-O d5 10. Nxc6 bxc6 11. g4 Qa5 12. e5 Nd7 13. f4 Bb7 14. Rg1 Rfd8 15. Qf2 c5 16. Bg2 d4 17. Bxb7 Rab8 18. Bd5 dxc3 19. e6 Rxb2 20. Qg2 Qa3 21. Rd3 Rb1+ 22. Kxb1 Qb2# 0-1

[Event "Hull CC-ch A"]
[Site "Gatineau CAN"]
[Date "2007.03.20"]
[Round "2"]
[White "Cossette, Daniel"]
[Black "Arsenault, Michel"]
[Result "1/2-1/2"]
[WhiteElo "2183"]
[BlackElo "2013"]
[PlyCount "103"]
[GameId "2160767910709962"]
[EventDate "2007.03.13"]
[EventType "tourn"]
[EventRounds "5"]
[EventCountry "CAN"]
[SourceTitle "EXT 2022"]
[Source "ChessBase"]
[SourceDate "2021.10.06"]
[SourceVersion "1"]
[SourceVersionDate "2021.10.06"]
[SourceQuality "1"]

1. e4 c5 2. Nc3 Nc6 3. g3 g6 4. Bg2 Bg7 5. d3 d6 6. f4 e6 7. Nf3 Nge7 8. O-O O-O 9. Be3 b6 10. d4 Ba6 11. Re1 Qc7 12. a4 Rad8 13. Nb5 Bxb5 14. axb5 Nxd4 15. Nxd4 cxd4 16. Bxd4 e5 17. Bc3 d5 18. exd5 Qc5+ 19. Kh1 Nxd5 20. Bxd5 Rxd5 21. Qf3 exf4 22. gxf4 Bxc3 23. bxc3 Qxb5 24. Rxa7 Rd2 25. f5 Qxf5 26. Qxf5 gxf5 27. Rg1+ Kh8 28. Rb7 Rd6 29. Rf1 Rf6 30. Rb1 Rc8 31. R1xb6 Rxb6 32. Rxb6 Kg7 33. Rb3 h5 34. Kg2 Kg6 35. Kg3 Rc4 36. h3 f4+ 37. Kf3 Kg5 38. Rb5+ Kh4 39. Rf5 Rxc3+ 40. Kxf4 Rxc2 41. Kf3 Rc7 42. Kg2 Rc2+ 43. Kf3 Rc3+ 44. Kg2 Rg3+ 45. Kf2 Rg7 46. Kf3 Rg3+ 47. Kf2 Kxh3 48. Rxh5+ Kg4 49. Rh7 Rf3+ 50. Kg2 f6 51. Rh4+ Kxh4 52. Kxf3 1/2-1/2

[Event "Hull CC-ch A"]
[Site "Gatineau CAN"]
[Date "2007.03.20"]
[Round "2"]
[White "Gagnon, Fabien"]
[Black "Malette, Martin"]
[Result "1/2-1/2"]
[WhiteElo "1975"]
[BlackElo "2075"]
[PlyCount "64"]
[GameId "2160767910709963"]
[EventDate "2007.03.13"]
[EventType "tourn"]
[EventRounds "5"]
[EventCountry "CAN"]
[SourceTitle "EXT 2022"]
[Source "ChessBase"]
[SourceDate "2021.10.06"]
[SourceVersion "1"]
[SourceVersionDate "2021.10.06"]
[SourceQuality "1"]

1. e4 c5 2. Nc3 g6 3. g3 Bg7 4. Bg2 e5 5. d3 Ne7 6. f4 Nbc6 7. Nh3 O-O 8. O-O d6 9. f5 gxf5 10. exf5 Bxf5 11. Rxf5 Nxf5 12. Qh5 Nfd4 13. Be4 Re8 14. Qxh7+ Kf8 15. Nd5 Ne2+ 16. Kg2 Nxc1 17. Rxc1 Re6 18. Rf1 Rh6 19. Qf5 f6 20. Ng5 Qc8 21. Nh7+ Kf7 22. Ng5+ Kg8 23. Ne6 Qd7 24. Qg4 Kh8 25. Bf5 Qf7 26. c3 Ne7 27. Be4 Rg8 28. Ng5 Qe8 29. Nc7 Qf8 30. Nce6 Qe8 31. Nc7 Qf8 32. Nce6 Qe8 1/2-1/2

[Event "Hull CC-ch A"]
[Site "Gatineau CAN"]
[Date "2007.03.27"]
[Round "3"]
[White "Arsenault, Michel"]
[Black "Gagnon, Fabien"]
[Result "1-0"]
[WhiteElo "2013"]
[BlackElo "1975"]
[PlyCount "91"]
[GameId "2160767910709964"]
[EventDate "2007.03.13"]
[EventType "tourn"]
[EventRounds "5"]
[EventCountry "CAN"]
[SourceTitle "EXT 2022"]
[Source "ChessBase"]
[SourceDate "2021.10.06"]
[SourceVersion "1"]
[SourceVersionDate "2021.10.06"]
[SourceQuality "1"]

1. c4 Nf6 2. g3 e5 3. Bg2 Nc6 4. Nf3 Bc5 5. Nc3 O-O 6. O-O d6 7. e3 Bg4 8. h3 Bxf3 9. Bxf3 a6 10. b3 Nd7 11. Nd5 f5 12. d3 Nf6 13. Bb2 Ba7 14. Qd2 Nxd5 15. Bxd5+ Kh8 16. f4 Qe7 17. Rae1 Rae8 18. d4 exf4 19. exf4 Qd7 20. Kh2 Nd8 21. Bg2 b5 22. Qa5 bxc4 23. Qxa6 c6 24. bxc4 d5 25. cxd5 cxd5 26. Re5 Rxe5 27. dxe5 d4 28. Rc1 d3 29. Rd1 d2 30. Qe2 Ne6 31. Rxd2 Qc7 32. Rd6 Qc5 33. Qd1 Qf2 34. Rxe6 Qxb2 35. Rd6 Qxa2 36. Qd3 Qf2 37. h4 Bb6 38. Kh3 h6 39. e6 g5 40. Qc3+ Kg8 41. hxg5 hxg5 42. e7 g4+ 43. Kh4 Bd4 44. exf8=Q+ Kxf8 45. Qc8+ Kg7 46. Qc7+ 1-0

[Event "Hull CC-ch A"]
[Site "Gatineau CAN"]
[Date "2007.03.27"]
[Round "3"]
[White "Nadeau, Dominique"]
[Black "Cossette, Daniel"]
[Result "0-1"]
[WhiteElo "2031"]
[BlackElo "2183"]
[PlyCount "54"]
[GameId "2160767910709965"]
[EventDate "2007.03.13"]
[EventType "tourn"]
[EventRounds "5"]
[EventCountry "CAN"]
[SourceTitle "EXT 2022"]
[Source "ChessBase"]
[SourceDate "2021.10.06"]
[SourceVersion "1"]
[SourceVersionDate "2021.10.06"]
[SourceQuality "1"]

1. e4 c5 2. Nf3 Nc6 3. d4 cxd4 4. Nxd4 Nf6 5. Nc3 g6 6. Be3 Bg7 7. f3 O-O 8. Qd2 d5 9. exd5 Nxd5 10. Nxc6 bxc6 11. Bd4 e5 12. Bc5 Re8 13. Ne4 Nf4 14. Qd6 Qxd6 15. Bxd6 Bf5 16. O-O-O Rad8 17. g3 Nd5 18. Bc5 Bxe4 19. fxe4 Bh6+ 20. Kb1 Nc3+ 21. bxc3 Rxd1+ 22. Kb2 Rb8+ 23. Ka3 Rdb1 24. Bxa7 Rd8 25. Bc4 Rxh1 26. Bc5 Bf8 27. Kb4 Rb8+ 0-1

[Event "Hull CC-ch A"]
[Site "Gatineau CAN"]
[Date "2007.04.03"]
[Round "3"]
[White "Malette, Martin"]
[Black "Brousseau, Yvan"]
[Result "0-1"]
[WhiteElo "2075"]
[BlackElo "1994"]
[PlyCount "38"]
[GameId "2160767910709966"]
[EventDate "2007.03.13"]
[EventType "tourn"]
[EventRounds "5"]
[EventCountry "CAN"]
[SourceTitle "EXT 2022"]
[Source "ChessBase"]
[SourceDate "2021.10.06"]
[SourceVersion "1"]
[SourceVersionDate "2021.10.06"]
[SourceQuality "1"]

1. c4 b6 2. Nc3 Bb7 3. e4 e6 4. d4 Bb4 5. f3 f5 6. Bd3 fxe4 7. fxe4 Qh4+ 8. g3 Qf6 9. Nge2 Nc6 10. Rf1 Qe7 11. Be3 O-O-O 12. a3 Bxc3+ 13. Nxc3 d5 14. cxd5 exd5 15. Qg4+ Kb8 16. O-O-O Nf6 17. Qh4 dxe4 18. Nxe4 Nxd4 19. Nxf6 Qxe3+ 0-1

[Event "Hull CC-ch A"]
[Site "Gatineau CAN"]
[Date "2007.04.03"]
[Round "4"]
[White "Arsenault, Michel"]
[Black "Nadeau, Dominique"]
[Result "0-1"]
[WhiteElo "2013"]
[BlackElo "2031"]
[PlyCount "76"]
[GameId "2160767910709967"]
[EventDate "2007.03.13"]
[EventType "tourn"]
[EventRounds "5"]
[EventCountry "CAN"]
[SourceTitle "EXT 2022"]
[Source "ChessBase"]
[SourceDate "2021.10.06"]
[SourceVersion "1"]
[SourceVersionDate "2021.10.06"]
[SourceQuality "1"]

1. c4 e5 2. g3 f5 3. Bg2 Nf6 4. Nc3 c6 5. d4 exd4 6. Qxd4 d6 7. Nf3 Qb6 8. O-O Qxd4 9. Nxd4 Kf7 10. b3 a5 11. Bh3 g6 12. e4 Ng4 13. f3 Bg7 14. Rd1 Ne5 15. Bb2 Nbd7 16. exf5 Nc5 17. Ne6 Nxe6 18. fxe6+ Bxe6 19. Bxe6+ Kxe6 20. f4 Ng4 21. Rd2 Rhd8 22. Re1+ Kf7 23. Ne4 Bxb2 24. Ng5+ Kf6 25. Rxb2 h6 26. Nf3 Kf7 27. b4 axb4 28. Rxb4 Rd7 29. Reb1 Rb8 30. a4 Ke7 31. Re1+ Kf7 32. Reb1 Ke8 33. a5 Ra8 34. Rxb7 Rxb7 35. Rxb7 Rxa5 36. Rg7 Ne3 37. Rxg6 Kd7 38. Rxh6 Ra1+ 0-1

[Event "Hull CC-ch A"]
[Site "Gatineau CAN"]
[Date "2007.04.03"]
[Round "4"]
[White "Cossette, Daniel"]
[Black "Malette, Martin"]
[Result "1-0"]
[WhiteElo "2183"]
[BlackElo "2075"]
[PlyCount "73"]
[GameId "2160767910709968"]
[EventDate "2007.03.13"]
[EventType "tourn"]
[EventRounds "5"]
[EventCountry "CAN"]
[SourceTitle "EXT 2022"]
[Source "ChessBase"]
[SourceDate "2021.10.06"]
[SourceVersion "1"]
[SourceVersionDate "2021.10.06"]
[SourceQuality "1"]

1. e4 c5 2. Nc3 g6 3. g3 Bg7 4. d3 e5 5. Bg2 Ne7 6. Nh3 Nbc6 7. O-O d6 8. f4 exf4 9. Bxf4 h6 10. Rb1 O-O 11. a3 Ne5 12. Kh1 N7c6 13. Be3 Bd7 14. Qd2 Kh7 15. Nf4 Nd4 16. Ncd5 Ne6 17. b4 b6 18. Bg1 Rc8 19. b5 Nxf4 20. Qxf4 Be6 21. a4 Bxd5 22. exd5 Qc7 23. Qd2 Rce8 24. Ra1 Re7 25. a5 Rfe8 26. axb6 axb6 27. Ra6 Nd7 28. Bf3 Qb7 29. c3 Ra8 30. Rfa1 Rxa6 31. bxa6 Qa7 32. d4 cxd4 33. Bxd4 Bxd4 34. cxd4 Nb8 35. Qf4 Rd7 36. Qf6 b5 37. Re1 1-0

[Event "Hull CC-ch A"]
[Site "Gatineau CAN"]
[Date "2007.04.10"]
[Round "5"]
[White "Brousseau, Yvan"]
[Black "Cossette, Daniel"]
[Result "1-0"]
[WhiteElo "1994"]
[BlackElo "2183"]
[PlyCount "157"]
[GameId "2160767910709969"]
[EventDate "2007.03.13"]
[EventType "tourn"]
[EventRounds "5"]
[EventCountry "CAN"]
[SourceTitle "EXT 2022"]
[Source "ChessBase"]
[SourceDate "2021.10.06"]
[SourceVersion "1"]
[SourceVersionDate "2021.10.06"]
[SourceQuality "1"]

1. b3 e5 2. Bb2 d6 3. d4 exd4 4. Qxd4 Nc6 5. Qd2 Nf6 6. Nc3 Be7 7. e4 O-O 8. O-O-O a6 9. Kb1 b5 10. f3 Bd7 11. Nd5 Nxd5 12. exd5 Na7 13. Ne2 Bf6 14. Nd4 Nc8 15. Bd3 Nb6 16. Be4 h6 17. Qf2 Re8 18. h4 Re5 19. Nc6 Bxc6 20. Bxe5 Bxe5 21. dxc6 Qf6 22. g4 Ba1 23. c3 Bxc3 24. g5 Qe5 25. gxh6 gxh6 26. Rhg1+ Kh8 27. Qg3 Qf6 28. Rg2 Be5 29. Qg4 d5 30. Bd3 Qf4 31. Qxf4 Bxf4 32. Re1 Bd6 33. Kc2 Rg8 34. Reg1 Rxg2+ 35. Rxg2 Nc8 36. Bf5 Ne7 37. Bd7 Ng6 38. Rg4 Nf4 39. Be8 f6 40. Bf7 d4 41. h5 d3+ 42. Kc3 a5 43. Kd2 f5 44. Rg1 Bb4+ 45. Kd1 Nh3 46. Rf1 Kg7 47. Bg6 Kf6 48. f4 Bd6 49. Kd2 Nxf4 50. Ke3 Nxg6 51. hxg6 Kxg6 52. Kxd3 Kf6 53. Kd4 f4 54. Ke4 h5 55. Rg1 Bc5 56. Rg8 f3 57. Kxf3 Ke6 58. Ke4 h4 59. Rg6+ Ke7 60. Rh6 Bf2 61. Kd5 Bg3 62. Kc5 a4 63. bxa4 bxa4 64. Kb4 a3 65. Kxa3 h3 66. Rxh3 Bd6+ 67. Kb3 Ke6 68. Kc4 Be5 69. Rh6+ Bf6 70. a4 Ke7 71. Kd5 Bc3 72. Rh7+ Kd8 73. Ke6 Kc8 74. Rf7 Kb8 75. Kd7 Be5 76. Rf8+ Ka7 77. Rc8 Kb6 78. Rb8+ Ka5 79. Rb5+ 1-0

[Event "Hull CC-ch B"]
[Site "Gatineau CAN"]
[Date "2007.03.13"]
[Round "1"]
[White "Pepin, Christian"]
[Black "Forget, David"]
[Result "1-0"]
[WhiteElo "1939"]
[BlackElo "1873"]
[PlyCount "67"]
[GameId "2160767910701538"]
[EventDate "2007.03.20"]
[EventType "tourn"]
[EventRounds "5"]
[EventCountry "CAN"]
[SourceTitle "EXT 2022"]
[Source "ChessBase"]
[SourceDate "2021.10.06"]
[SourceVersion "1"]
[SourceVersionDate "2021.10.06"]
[SourceQuality "1"]

1. e4 e6 2. d4 d5 3. exd5 exd5 4. c4 Bb4+ 5. Nc3 Nf6 6. Nf3 O-O 7. Be2 dxc4 8. Bxc4 Re8+ 9. Ne5 Be6 10. O-O Bxc4 11. Nxc4 Nc6 12. Bg5 Be7 13. Be3 Nd5 14. Qf3 Nxc3 15. bxc3 Bf6 16. Rab1 Rb8 17. d5 Ne5 18. Nxe5 Bxe5 19. Bxa7 Ra8 20. Rxb7 Qd6 21. g3 Qa3 22. Re1 Qa6 23. d6 Bxd6 24. Rxe8+ Rxe8 25. Be3 Qxa2 26. Qc6 Qa8 27. c4 Rb8 28. Rxb8+ Qxb8 29. Bd4 Kf8 30. c5 Be7 31. Qe4 Kg8 32. Qxe7 h6 33. c6 Qb1+ 34. Kg2 1-0

[Event "Hull CC-ch B"]
[Site "Gatineau CAN"]
[Date "2007.03.20"]
[Round "1"]
[White "Forget, David"]
[Black "Libersan, Mattieu"]
[Result "0-1"]
[WhiteElo "1873"]
[BlackElo "1894"]
[PlyCount "36"]
[GameId "2160767910701539"]
[EventDate "2007.03.20"]
[EventType "tourn"]
[EventRounds "5"]
[EventCountry "CAN"]
[SourceTitle "EXT 2022"]
[Source "ChessBase"]
[SourceDate "2021.10.06"]
[SourceVersion "1"]
[SourceVersionDate "2021.10.06"]
[SourceQuality "1"]

1. d4 Nf6 2. c4 e5 3. dxe5 Ne4 4. a3 b6 5. Qd5 Bb7 6. Qxb7 Nc6 7. Qa6 Nc5 8. Qb5 a6 9. Qxc5 Bxc5 10. Nf3 Nd4 11. Nxd4 Bxd4 12. f4 f6 13. e3 Bc5 14. b4 Be7 15. Bb2 O-O 16. Nd2 fxe5 17. Bxe5 d6 18. Bb2 Bf6 0-1

[Event "Hull CC-ch B"]
[Site "Gatineau CAN"]
[Date "2007.03.20"]
[Round "2"]
[White "Desjardins, Michel"]
[Black "Guimond, Michel"]
[Result "0-1"]
[WhiteElo "1861"]
[BlackElo "1827"]
[PlyCount "50"]
[GameId "2160767910701540"]
[EventDate "2007.03.20"]
[EventType "tourn"]
[EventRounds "5"]
[EventCountry "CAN"]
[SourceTitle "EXT 2022"]
[Source "ChessBase"]
[SourceDate "2021.10.06"]
[SourceVersion "1"]
[SourceVersionDate "2021.10.06"]
[SourceQuality "1"]

1. e4 e6 2. d4 d5 3. e5 c5 4. c3 Nc6 5. Nf3 Bd7 6. a3 h6 7. b4 c4 8. a4 g5 9. g3 Nge7 10. Bg2 Ng6 11. O-O g4 12. Ne1 h5 13. Na3 f5 14. exf6 Qxf6 15. f3 Qg7 16. fxg4 hxg4 17. Ra2 O-O-O 18. Qxg4 Qh7 19. Bh1 Bd6 20. Nb5 Bb8 21. Rf6 Rdg8 22. Qf3 Nh4 23. Qf2 Nf5 24. Bf4 Nxg3 25. Ng2 Qxh2# 0-1

[Event "Hull CC-ch B"]
[Site "Gatineau CAN"]
[Date "2007.03.20"]
[Round "2"]
[White "Szalay, Karoly"]
[Black "Pepin, Christian"]
[Result "1-0"]
[WhiteElo "1967"]
[BlackElo "1939"]
[PlyCount "99"]
[GameId "2160767910701541"]
[EventDate "2007.03.20"]
[EventType "tourn"]
[EventRounds "5"]
[EventCountry "CAN"]
[SourceTitle "EXT 2022"]
[Source "ChessBase"]
[SourceDate "2021.10.06"]
[SourceVersion "1"]
[SourceVersionDate "2021.10.06"]
[SourceQuality "1"]

1. e4 c6 2. d4 d5 3. Nd2 dxe4 4. Nxe4 Nd7 5. Nf3 Ngf6 6. Nxf6+ Nxf6 7. Bc4 Bf5 8. c3 e6 9. O-O Bg4 10. h3 Bh5 11. Qd3 Bd6 12. Bg5 Qc7 13. Rfe1 h6 14. Bd2 g5 15. Ne5 Bxe5 16. dxe5 Nd5 17. a4 O-O-O 18. Qe4 Nb6 19. Be3 Bg6 20. Bxe6+ Kb8 21. Bf5 Bxf5 22. Qxf5 Qd7 23. g4 Nd5 24. Bd4 Qe6 25. Qxe6 fxe6 26. Bc5 Nf4 27. Bd6+ Kc8 28. Re3 Rd7 29. Rf3 Rf7 30. c4 h5 31. gxh5 Rxh5 32. Raa3 Rh4 33. Rae3 Rfh7 34. Kh2 b6 35. b4 Kb7 36. Ra3 Rf7 37. Rg3 Ne2 38. Raf3 Rfh7 39. Rxg5 Nf4 40. Rgg3 a6 41. a5 Ka7 42. axb6+ Kxb6 43. Bc5+ Kb7 44. Bf8 Kb6 45. Ra3 Rf7 46. Bc5+ Kb7 47. Rg4 Rxg4 48. hxg4 Rh7+ 49. Kg1 Ng6 50. Bd6 1-0

[Event "Hull CC-ch B"]
[Site "Gatineau CAN"]
[Date "2007.03.27"]
[Round "2"]
[White "Libersan, Mattieu"]
[Black "Szalay, Karoly"]
[Result "0-1"]
[WhiteElo "1894"]
[BlackElo "1967"]
[PlyCount "54"]
[GameId "2160767910701542"]
[EventDate "2007.03.20"]
[EventType "tourn"]
[EventRounds "5"]
[EventCountry "CAN"]
[SourceTitle "EXT 2022"]
[Source "ChessBase"]
[SourceDate "2021.10.06"]
[SourceVersion "1"]
[SourceVersionDate "2021.10.06"]
[SourceQuality "1"]

1. e4 e5 2. Nf3 Nc6 3. Bb5 a6 4. Ba4 Nf6 5. O-O b5 6. Bb3 Bc5 7. Nxe5 Nxe5 8. d4 Bxd4 9. Qxd4 d6 10. Bg5 c5 11. Bxf6 gxf6 12. Qd1 c4 13. f4 Qb6+ 14. Kh1 Ng4 15. Qd5 Bb7 16. Qd2 cxb3 17. Nc3 Qe3 18. Qxd6 Rd8 19. Qc7 bxc2 20. Qxb7 Nf2+ 21. Rxf2 c1=Q+ 22. Rf1 Qxb2 23. Nd5 Rxd5 24. exd5 O-O 25. d6 Qed4 26. Rad1 Qe2 27. Rde1 Qdf2 0-1

[Event "Hull CC-ch B"]
[Site "Gatineau CAN"]
[Date "2007.03.20"]
[Round "3"]
[White "Pepin, Christian"]
[Black "Libersan, Mattieu"]
[Result "1-0"]
[WhiteElo "1939"]
[BlackElo "1894"]
[PlyCount "89"]
[GameId "2160767910701543"]
[EventDate "2007.03.20"]
[EventType "tourn"]
[EventRounds "5"]
[EventCountry "CAN"]
[SourceTitle "EXT 2022"]
[Source "ChessBase"]
[SourceDate "2021.10.06"]
[SourceVersion "1"]
[SourceVersionDate "2021.10.06"]
[SourceQuality "1"]

1. e4 c5 2. Nf3 d6 3. c3 Nf6 4. Qc2 Nc6 5. d4 g6 6. d5 Ne5 7. Nxe5 dxe5 8. Bg5 Bg7 9. Bb5+ Bd7 10. Bxf6 Bxf6 11. Qa4 Bxb5 12. Qxb5+ Qd7 13. a4 Rd8 14. Ke2 O-O 15. Qxd7 Rxd7 16. Na3 Bg7 17. f3 f5 18. Rhf1 a6 19. a5 Rdd8 20. Nc4 fxe4 21. fxe4 Bf6 22. Rad1 Kg7 23. Rd3 Rd7 24. Rdf3 Rdd8 25. Rd1 Rd7 26. Rfd3 Rfd8 27. g3 h6 28. d6 exd6 29. Rxd6 Rxd6 30. Rxd6 Rf8 31. Rd7+ Kg8 32. Rxb7 Rd8 33. Rc7 Rb8 34. Nb6 Bd8 35. Rc8 Rxc8 36. Nxc8 Bxa5 37. Kd3 Kf7 38. Kc4 Ke6 39. Kxc5 Bd8 40. b4 a5 41. b5 Kd7 42. Na7 Kc7 43. Nc6 a4 44. Kb4 Kd6 45. Nxd8 1-0

[Event "Hull CC-ch B"]
[Site "Gatineau CAN"]
[Date "2007.03.27"]
[Round "3"]
[White "Guimond, Michel"]
[Black "Forget, David"]
[Result "0-1"]
[WhiteElo "1827"]
[BlackElo "1873"]
[PlyCount "140"]
[GameId "2160767910701544"]
[EventDate "2007.03.20"]
[EventType "tourn"]
[EventRounds "5"]
[EventCountry "CAN"]
[SourceTitle "EXT 2022"]
[Source "ChessBase"]
[SourceDate "2021.10.06"]
[SourceVersion "1"]
[SourceVersionDate "2021.10.06"]
[SourceQuality "1"]

1. e4 e6 2. d4 d5 3. Nc3 Bb4 4. e5 c5 5. a3 Bxc3+ 6. bxc3 Ne7 7. a4 Qa5 8. Bd2 Nbc6 9. Nf3 Qc7 10. Bd3 c4 11. Be2 O-O 12. Bg5 Nf5 13. g4 Nfe7 14. Qd2 Bd7 15. Bf6 Ng6 16. h4 gxf6 17. Qh6 Ncxe5 18. dxe5 Nxe5 19. Qxf6 Nxf3+ 20. Bxf3 Qd8 21. Qd4 f6 22. a5 Qc7 23. O-O Bc6 24. Kh1 Qd6 25. Rad1 a6 26. Rg1 Rad8 27. g5 Kh8 28. g6 Rd7 29. g7+ Rxg7 30. Rxg7 Kxg7 31. Bh5 Kh8 32. Rg1 Qe7 33. f3 Rg8 34. Rxg8+ Kxg8 35. Qf4 Qg7 36. Qb8+ Qf8 37. Qg3+ Kh8 38. Kh2 Qd8 39. Bf7 e5 40. h5 Qf8 41. Be6 Qg7 42. Qh4 Qg5 43. Qxg5 fxg5 44. h6 b6 45. axb6 a5 46. Kg3 Bb7 47. Bd7 Kg8 48. Kg4 Kf7 49. Kxg5 Ke7 50. Bb5 Ke6 51. f4 e4 52. f5+ Kf7 53. Kf4 Kf6 54. Bd7 Ke7 55. Ba4 Kd6 56. Be8 Bc8 57. f6 Bb7 58. f7 Ke7 59. Ke3 a4 60. Bxa4 Kxf7 61. Kd4 Kg6 62. Bd7 Kxh6 63. Be6 Kg5 64. Bxd5 e3 65. Bxc4 Kf4 66. Be2 Bf3 67. Bf1 h5 68. Be2 h4 69. Bxf3 Kxf3 70. b7 e2 0-1

[Event "Hull CC-ch B"]
[Site "Gatineau CAN"]
[Date "2007.03.27"]
[Round "3"]
[White "Pepin, Christian"]
[Black "Desjardins, Michel"]
[Result "1-0"]
[WhiteElo "1939"]
[BlackElo "1861"]
[PlyCount "101"]
[GameId "2160767910701545"]
[EventDate "2007.03.20"]
[EventType "tourn"]
[EventRounds "5"]
[EventCountry "CAN"]
[SourceTitle "EXT 2022"]
[Source "ChessBase"]
[SourceDate "2021.10.06"]
[SourceVersion "1"]
[SourceVersionDate "2021.10.06"]
[SourceQuality "1"]

1. e4 d5 2. exd5 Qxd5 3. Nc3 Qd6 4. d4 Nf6 5. Bc4 a6 6. Nge2 Qc6 7. Bb3 Qxg2 8. Rg1 Qxh2 9. Bf4 Qh5 10. Bxc7 Bg4 11. Qd3 Nc6 12. O-O-O Rc8 13. d5 Ne5 14. Bxe5 Qxe5 15. Rxg4 Nxg4 16. d6 exd6 17. Qf3 Qg5+ 18. Kb1 Rc7 19. Ne4 Ne5 20. Nxg5 Nxf3 21. Nxf3 Be7 22. Nf4 O-O 23. Bd5 Rfc8 24. c4 Bf8 25. b3 g6 26. Rh1 Bg7 27. Ng5 h6 28. Ne4 g5 29. Nh5 Rd8 30. f4 Kf8 31. fxg5 hxg5 32. Nxg5 Bh6 33. Nf6 Bxg5 34. Nh7+ Ke7 35. Nxg5 Kd7 36. Nxf7 Re8 37. Rh6 b5 38. Rxd6+ Kc8 39. Rxa6 Re1+ 40. Kc2 bxc4 41. Bxc4 Re2+ 42. Kc3 Rf2 43. Nd6+ Kb8 44. a4 Rh2 45. Kb4 Rh4 46. Rb6+ Ka8 47. a5 Rd7 48. Ka3 Rd4 49. Nb5 Rd1 50. Be2 Ra1+ 51. Kb4 1-0

[Event "Hull CC-ch B"]
[Site "Gatineau CAN"]
[Date "2007.04.03"]
[Round "4"]
[White "Libersan, Mattieu"]
[Black "Guimond, Michel"]
[Result "1-0"]
[WhiteElo "1894"]
[BlackElo "1827"]
[PlyCount "105"]
[GameId "2160767910701546"]
[EventDate "2007.03.20"]
[EventType "tourn"]
[EventRounds "5"]
[EventCountry "CAN"]
[SourceTitle "EXT 2022"]
[Source "ChessBase"]
[SourceDate "2021.10.06"]
[SourceVersion "1"]
[SourceVersionDate "2021.10.06"]
[SourceQuality "1"]

1. e4 e6 2. d4 d5 3. Nc3 Bb4 4. Nge2 c6 5. a3 Ba5 6. e5 Nd7 7. b4 Bc7 8. Ng3 Qe7 9. Bd3 b6 10. O-O g6 11. Re1 Bb7 12. Be3 h6 13. Qd2 O-O-O 14. Rab1 f5 15. f4 Rf8 16. Nce2 Rf7 17. c4 dxc4 18. Bxc4 Rg7 19. Qa2 Nf8 20. b5 cxb5 21. Rxb5 h5 22. d5 h4 23. Nf1 exd5 24. Bxd5 Qd7 25. Nd4 Ne7 26. Bxb7+ Kxb7 27. Rc1 a6 28. Rb2 Nd5 29. e6 Qd8 30. Nc6 Qd6 31. Rd2 Qxe6 32. Qxd5 Qxd5 33. Rxd5 Ne6 34. Nd4 Nxf4 35. Rxc7+ Rxc7 36. Bxf4 Rf7 37. Rd6 Rg8 38. Ne6 Rh7 39. Ne3 h3 40. Nd5 hxg2 41. Rxb6+ Ka7 42. Be3 Rc8 43. Nc5 f4 44. Rxa6+ Kb8 45. Bxf4+ Rcc7 46. Bxc7+ Rxc7 47. Nxc7 g5 48. Kxg2 g4 49. Kg3 Kc8 50. Kxg4 Kb8 51. Kf5 Kc8 52. Ke6 Kb8 53. Kd6 1-0

[Event "Hull CC-ch B"]
[Site "Gatineau CAN"]
[Date "2007.04.03"]
[Round "4"]
[White "Szalay, Karoly"]
[Black "Guimond, Michel"]
[Result "1-0"]
[WhiteElo "1967"]
[BlackElo "1827"]
[PlyCount "63"]
[GameId "2160767910701547"]
[EventDate "2007.03.20"]
[EventType "tourn"]
[EventRounds "5"]
[EventCountry "CAN"]
[SourceTitle "EXT 2022"]
[Source "ChessBase"]
[SourceDate "2021.10.06"]
[SourceVersion "1"]
[SourceVersionDate "2021.10.06"]
[SourceQuality "1"]

1. e4 e6 2. d4 d5 3. Nd2 c6 4. f4 Nf6 5. e5 Nfd7 6. g3 c5 7. c3 Nc6 8. Ndf3 c4 9. Bh3 g6 10. Ne2 Be7 11. O-O a5 12. Kg2 a4 13. a3 h6 14. g4 g5 15. Ng3 gxf4 16. Bxf4 Bg5 17. Qd2 Rg8 18. Nh5 Qe7 19. Nxg5 hxg5 20. Be3 b5 21. Nf6+ Nxf6 22. Rxf6 Nd8 23. Bxg5 Qb7 24. Raf1 Ra7 25. Bh6 Bd7 26. Qc2 Rh8 27. Bg7 Rxh3 28. Kxh3 Ke7 29. Qh7 Be8 30. Qh8 Kd7 31. Qf8 Ra6 32. Rh6 1-0